| Tag |
First Indicator |
Second Indicator |
Subfields |
| LEADER |
00000cam a2200000 a 4500 |
| 001 |
in00000016689 |
| 005 |
20151007052834.0 |
| 008 |
860129s1985 aluab b s00010 eng d |
| 035 |
|
|
|a (OCoLC)13077995
|
| 035 |
|
|
|9 AAA9384AM
|
| 040 |
|
|
|a ASL
|c ASL
|d TXH
|d m/c
|d TXA
|d UtOrBLW
|
| 043 |
|
|
|a n-us-al
|
| 049 |
|
|
|a TXAM
|c [A11055201]
|
| 050 |
|
4 |
|a QE81
|b .A16 no. 112D
|
| 100 |
1 |
|
|a Moore, James D.
|
| 245 |
1 |
0 |
|a Ground-water levels in Alabama :
|b 1984 water year, (October 1, 1983-September 30, 1984) /
|c by James D. Moore and Blakeney Gillett ; in cooperation with the U.S. Geological Survey.
|
| 264 |
|
1 |
|a Tuscaloosa, Ala. :
|b Geological Survey of Alabama, Water Resources Division,
|c 1985.
|
| 300 |
|
|
|a 196 pages :
|b illustrations, maps ;
|c 28 cm.
|
| 336 |
|
|
|a text
|b txt
|2 rdacontent
|
| 337 |
|
|
|a unmediated
|b n
|2 rdamedia
|
| 338 |
|
|
|a volume
|b nc
|2 rdacarrier
|
| 490 |
1 |
|
|a Circular / Geological Survey of Alabama ;
|v 112D
|
| 500 |
|
|
|a One folded map in pocket.
|
| 504 |
|
|
|a Bibliography: pages 5-6.
|
| 650 |
|
0 |
|a Groundwater
|z Alabama.
|
| 650 |
|
0 |
|a Water table
|z Alabama.
|
| 710 |
2 |
|
|a Geological Survey (U.S.)
|
| 710 |
2 |
|
|a Geological Survey of Alabama.
|
| 700 |
1 |
|
|a Gillett, Blakeney.
|
| 830 |
|
0 |
|a Circular (Geological Survey of Alabama) ;
|v 112D.
|
| 999 |
|
|
|a MARS
|
| 999 |
f |
f |
|s 22dac409-5ee2-3da2-9e1d-528678ae0c6c
|i a6fd14e6-d137-3c31-acc6-b39c02b32546
|t 0
|
| 952 |
f |
f |
|p ric
|a Texas A&M University
|b Rellis Campus
|c Joint Library Facility
|d Remote Storage
|t 0
|e QE81 .A16 no.112D
|h Library of Congress classification
|i unmediated -- volume
|m A14811055201
|
| 998 |
f |
f |
|a QE81 .A16 no.112D
|t 0
|l Remote Storage
|